International Home Zones (Record no. 120334)

MARC details
000 -LEADER
fixed length control field 00753cam a2200181 4500
001 - CONTROL NUMBER
control field WS123999
008 - FIXED-LENGTH DATA ELEMENTS--GENERAL INFORMATION
fixed length control field 031024n 000 0 eng u
035 ## - SYSTEM CONTROL NUMBER
System control number (Sirsi) u123999
245 ## - TITLE STATEMENT
Title International Home Zones
Medium [electronic resource]
520 ## - SUMMARY, ETC.
Summary, etc. Web site set up as a central forum and information point for the home zones concept, an attempt to strike a balance between vehicular traffic and other street users. Includes details of projects and legislation in the UK and the Netherlands.
650 ## - SUBJECT ADDED ENTRY--TOPICAL TERM
Topical term or geographic name entry element HOME ZONES
650 ## - SUBJECT ADDED ENTRY--TOPICAL TERM
Topical term or geographic name entry element INTERNATIONAL
650 ## - SUBJECT ADDED ENTRY--TOPICAL TERM
Topical term or geographic name entry element LEGISLATION
650 ## - SUBJECT ADDED ENTRY--TOPICAL TERM
Topical term or geographic name entry element NETHERLANDS
690 ## - LOCAL SUBJECT ADDED ENTRY--TOPICAL TERM (OCLC, RLIN)
Topical term or geographic name as entry element TRANSPORT AND COMMUNICATIONS
856 40 - ELECTRONIC LOCATION AND ACCESS
Uniform Resource Identifier <a href="https://www.homezones.org">https://www.homezones.org</a>
Public note View the website free of charge at www.homezones.org
942 ## - ADDED ENTRY ELEMENTS (KOHA)
Suppress in OPAC 0
Holdings
Withdrawn status Lost status Source of classification or shelving scheme Damaged status Not for loan Home library Current library Shelving location Date acquired Total Checkouts Full call number Barcode Date last seen Copy number Price effective from Koha item type
    Dewey Decimal Classification     Virtual Virtual Online 24/10/2003   WEB SITE 123999-1001 06/08/2019 1 06/08/2019 Online material